| 000 | 02247nam a2200541Ii 4500 | ||
|---|---|---|---|
| 001 | DIGNARCEA0201 | ||
| 003 | NyNyDIG | ||
| 006 | m o d | ||
| 007 | cr ||||||||||| | ||
| 008 | 220224s2014 sp ob 000 0 spa d | ||
| 035 | _a(OCoLC)1319852798 | ||
| 040 |
_aDGITA _beng _erda _epn _cDGITA |
||
| 020 |
_a9788427720572 _qeBook _qePdf |
||
| 020 |
_z9788427713918 _zPapel |
||
| 041 | 1 |
_aspa _hpor |
|
| 050 | 1 | 4 | _aLB1060 ebook |
| 082 | 0 | 4 | _a370.1523 |
| 100 | 1 |
_aAssmann, Hugo, _d1933-2008, _eauthor. |
|
| 240 | 1 | 0 |
_aReencantar a educaçao, rumo à sociedade aprendente. _lSpanish _s(Villalba) |
| 245 | 1 | 0 |
_aPlacer y ternura en la educación : _bhacia una sociedad aprendiente / _cHugo Assmann ; prólogo de Leonardo Boff ; traducción, Alberto Villalba. |
| 250 | _aPrimera edición en ebook (Pdf) | ||
| 264 | 1 |
_aMadrid : _bNarcea, S. A. de Ediciones, _c[2014] |
|
| 300 | _a1 online resource. | ||
| 336 |
_atext _btxt _2rdacontent |
||
| 337 |
_acomputer _bc _2rdamedia |
||
| 338 |
_aonline resource _bcr _2rdacarrier |
||
| 347 |
_atext file _2rdaft |
||
| 347 | _bPDF | ||
| 490 | 1 | _aEducación hoy estudios | |
| 504 | _aIncludes bibliographical references. | ||
| 588 | 0 | _aOnline resource; title from PDF title page (Digitalia, viewed February 24, 2022) | |
| 650 | 0 | _aLearning. | |
| 650 | 0 |
_aEducation _xPhilosophy. |
|
| 650 | 0 | _aInformation technology. | |
| 650 | 0 | _aEducational psychology. | |
| 650 | 0 | _aInformation society. | |
| 655 | 0 | _aElectronic books. | |
| 700 | 1 |
_aBoff, Leonardo, _econtributor agent of text. |
|
| 700 | 1 |
_aVillalba, Alberto, _etranslator. |
|
| 700 | 1 |
_iTranslation of: _aAssmann, Hugo, _d1933-2008. _tReencantar a educaçao, rumo à sociedade aprendente. |
|
| 791 | 2 |
_aDigitalia (Firm), _edistributor. |
|
| 793 | 0 |
_gDigitalia eBook Collection: _aNarcea Ediciones |
|
| 776 | 0 | 8 |
_iPrint version: _aAssmann, Hugo, 1933-2008. _sReencantar a educaçao, rumo à sociedade prendente. Spanish (Villalba). _t Placer y ternura en la educación. _dMadrid : Narcea, S. A. de Ediciones, [2002] _z9788427713918 |
| 830 | 0 |
_aEducación hoy (Narcea (Firm)). _pEstudios. |
|
| 856 | 4 | 0 |
_3Digitalia Hispánica _uhttps://www.digitaliapublishing.com/a/40847/ |
| 910 | _aPremium collection: 2022 | ||
| 942 | _cRAA | ||
| 999 |
_c245967 _d245967 |
||